000
00237nam a2200097Ia 4500
008
231107s1989 xx 000 0 und d
041
_a
eng
100
_a
Rand,Ayn
245
_a
The Voice Of Reason
260
_a
New Delhi
_b
Signet Books
_c
1989
999
_c
922658
_d
922658